| 000 | 00392cam a22001217a 4500 | ||
|---|---|---|---|
| 008 | 180718b2002 xxu||||| |||| 00| 0 eng d | ||
| 082 | _aAPPPA 2001-02 BAR/7 | ||
| 100 | _aBarmma, S.C. | ||
| 245 |
_aSocial background of civil servants in last decads _cby S.C. Barmma |
||
| 260 |
_aNew Delhi _bIndian Institute of Public Administration _c2002 |
||
| 300 | _a112p. | ||
| 650 | _aCivil service - India | ||
| 999 |
_c492074 _d492074 |
||